Hotel pioho's palace /
Guardado en:
| Autor Principal: | |
|---|---|
| Formato: | Libro |
| Publicado: |
Buenos Aires :
Alfaguara,
2004
|
| Series: | Infantil-juvenil
|
| Materias: | |
| Etiquetas: |
Agregar Etiqueta
Sin Etiquetas, Sea el primero en etiquetar este registro!
|
| LEADER | 00607nam a22002055a 4500 | ||
|---|---|---|---|
| 001 | CEM.cems013563 | ||
| 005 | 20110916122345.0 | ||
| 008 | 130507s2004##################000#0#####d | ||
| 003 | CEMS | ||
| 020 | |a 9505117817 | ||
| 082 | 0 | 4 | |a A863.4 |
| 100 | 1 | |a Walsh, María Elena | |
| 245 | 1 | 0 | |a Hotel pioho's palace / |c María Elena Walsh; ilustraciones Lancman Ink |
| 260 | |a Buenos Aires : |b Alfaguara, |c 2004 | ||
| 300 | |a 167 p. | ||
| 490 | 0 | |a Infantil-juvenil | |
| 653 | |a Literatura | ||
| 653 | |a Literatura argentina | ||
| 653 | |a Literatura infantil | ||
| 859 | |a CEMS |b BIB. CEMS - 11 de abril |h A863.4 |i W168-8 |p 26184.11 |t Ej.1 | ||
